00803cas a2200205Ia 4500040000800000082002600008245002900034246006600063246003000129246000800159500005900167500005000226500002400276520015100300650002500451650002000476650002200496710004200518856003700560 cCTX a331 UNI 1993 A064 Or.10aHuman development report13aUnited Nations Development Programme human development report1 aHuman development reports3 aHDR aAt head of title: United Nations Development Programme aTitle from title screen; viewed Mar. 21, 2000 aElectronic resource8 aWeb site includes resources related to the Human development report, including national Human development reports, occasional papers, and symposia 0aEconomic development 0aQuality of life 0aSocial indicators2 aUnited Nations Development Programme.40uhttp://bibpurl.oclc.org/web/1940